125 Passagenübungen

Bewaard in:
Bibliografische gegevens
Hoofdauteur: Czerny, Carl (Auteur)
Formaat: Muzikale score Boek
Taal:Duits
Frans
Gepubliceerd in: Leipzig C. F. Peters 1900
Reeks:Edition Peters, 2404
Onderwerpen:
Tags: Voeg label toe
Geen labels, Wees de eerste die dit record labelt!

MARC

LEADER 00000ncm a2200000 a 4500
001 UCN5500
003 CL-VaPUC
005 20250325095626.0
008 010907e19000000GW |||||||||||||||||ger|d
999 |c 296937  |d 296935 
040 |c Pontificia Universidad Católica de Valparaíso 
041 0 7 |a ger  |2 CL-VaPUC 
041 0 7 |a fre  |2 CL-VaPUC 
082 0 4 |a Pn786.2193 CZE 1900  |2 21 
100 0 |a Czerny, Carl  |e author  |9 461420 
245 1 0 |a 125 Passagenübungen 
246 1 0 |a 125 etudes élémentaires. Op. 261 
260 |a Leipzig  |b C. F. Peters  |c 1900 
300 |a 61 p 
490 0 |a Edition Peters, 2404 
583 |a last modification  |c 20010907 00:00:00  |k Rodrigo Vera 
650 0 |a Piano  |x Estudio e instrucción  |9 325053 
650 0 |a Piano, ejercicios y estudio  |9 328974 
650 0 |a Piano, interpretación  |2 CL-VaPUC  |9 461397 
650 0 |a Piano  |x Técnicas de ejecución  |9 328975 
650 0 |a Enseñanza de la música  |9 339802 
650 0 |a Compositores austríacos  |2 CL-VaPUC  |9 324827 
942 |c BK  |2 ddc 
945 |d 20010907 00:00:00  |a lriquelm 
952 |0 0  |1 0  |2 ddc  |4 0  |6 PN_786_219300000000000_CZE_1900  |7 0  |8 F  |9 351242  |a BIBEDU  |b BIBEDU  |d 2019-11-21  |i 1165879  |o Pn786.2193 CZE 1900  |p 1165879  |r 2023-11-22  |w 2019-11-21  |y PA  |k MUS